000 00362cam a22001217a 4500
008 180718b2003 xxu||||| |||| 00| 0 eng d
082 _aW17x54 C817
100 _aIndia. Ministry of Railways. Railway Board
245 _aCorporate safety plan (2003-2013)
260 _aNew Delhi
_bThe author
_c2003
300 _a71p.
650 _aRailways - Safety measures - India
999 _c492088
_d492088